00290nam a2200121Ia 4500008004100000082001800041100001600059245003200075250000800107260002600115300001000141650001700151150201s2011 xx 000 0 und d a612.015bM11D aDINESH PURI aTB. OF MEDICAL BIOCHEMISTRY a3RD bELSEVIERaDELHIc2011 a1-715 aBIOCHEMISTRY